000
00290nam a22001217a 4500
008
180829b xxu||||| |||| 00| 0 eng d
041
_a
eng
080
_a
510
100
_a
36
101
_a
MAT
245
_a
Solutions Manual for Calculus of Several Variables
_c
Willcox, B
942
_2
udc
_c
BK
999
_c
47394
_d
47394